000 00413nam a2200169Ia 4500
008 230524s9999 xx 000 0 und d
082 _a4
_bARI
100 _aJai Krishna
_914308
245 0 _aPlain and Reinforced Concrete Vol-I
250 _a8TH
260 _aNEW DELHI
_bNem Chand
_c2005
300 _a699
500 _aQuantity Number: 1
650 _aEnglish
700 _a O.P.Jain
_914309
942 _cBK
999 _c20282
_d20282